000 00507nam a2200217 454500
001 042362
003 BD-ChCU
008 Eng
020 _ax
040 _aDLC
_cDLC
_dBD-ChCU
082 0 0 _a370.1/D519d
100 1 _aDewey,john
_bx
245 1 0 _aDemocracy and education
_bAn introduction to the philosophy of education
250 _ax
260 _aNew Delhi
_bLight and life Pub.
_c1977
300 _ax
504 _ax
650 0 _aEducation
_bDemocracy
700 1 _ax
942 _2ddc
_cBK
999 _c42362
_d42362